000 00598cam a2200229ua 4500
001 7841
008 141229n ii |||gr||||Z||||||ben
020 _a817756000X
040 _cMAIN
041 _aben
082 _a891.444
100 _aChakraborty, R.,
_eEditor.
245 1 _aSamaj sanskriti itihas
_cEdited by Ranbir Chakraborty
250 _a1st.
260 _a318p.:
_bAnanda,
_c2009.
300 _a320p.
653 _aEast Indo-European & Celtic literatures
653 _aBengali essays
700 _aChakraborty, K.,
_eEditor.
700 _aBandyopadhyay, A.,
_eEditor.
942 _cBK
999 _c6961
_d6961